| 000 | 00347nam a22001337a 4500 | ||
|---|---|---|---|
| 020 | _a0-7506-1011-5 | ||
| 082 | _a670.427 PAR'F | ||
| 100 |
_aPARRISH, DAVID J _967221 |
||
| 245 | _aFLEXIBLE MANUFACTURING | ||
| 260 |
_aLONDON _bBUTTERWORTH HEINEMANN _c1990 |
||
| 300 | _aXII, 147P | ||
| 650 |
_aFLEXIBLE MANUFACTURING SYSTEMS _967222 |
||
| 942 | _cBK | ||
| 999 |
_c575048 _d575048 |
||